[Event "Budapest FS11 FM"]
[Site "Budapest"]
[Date "2019.11.03"]
[Round "2"]
[White "Szurkos, Andras"]
[Black "Alotaibi, Khaled"]
[Result "1-0"]
[WhiteElo "1675"]
[BlackElo "1440"]
[PlyCount "58"]
[EventDate "2019.11.02"]
[EventType "tourn"]
[EventRounds "10"]
[EventCountry "HUN"]
[SourceTitle "CBM 193 Extra"]
[Source "ChessBase"]
[SourceDate "2020.01.31"]
[SourceVersion "1"]
[SourceVersionDate "2020.01.31"]
[SourceQuality "1"]

1. e4 e5 2. Bc4 Nc6 3. Nf3 Nf6 4. Ng5 d5 5. exd5 Nd4 6. c3 b5 7. cxd4 bxc4 8. dxe5 Nxd5 9. Qf3 Qxg5 10. Qxd5 Rb8 11. f4 Qxf4 12. Rf1 Qh4+ 13. g3 Qe7 14. Qc6+ Qd7 15. Qxc4 Rb4 16. Qe2 Ba6 17. Qxa6 Re4+ 18. Kd1 Qg4+ 19. Kc2 Rc4+ 20. Nc3 Qe4+ 21. Kd1 Qg4+ 22. Ke1 Qe6 23. Qb5+ Kd8 24. Qd5+ Qxd5 25. Nxd5 Re4+ 26. Ne3 Rxe5 27. Rxf7 Bb4 28. Ke2 Rhe8 29. Rxg7 Rxe3+ 1-0

[Event "KUW-ch final"]
[Site "Kuwait"]
[Date "2018.01.18"]
[Round "8"]
[White "Al Hajiri, Bader"]
[Black "Alotaibi, Khaled"]
[Result "1-0"]
[WhiteElo "2165"]
[BlackElo "1424"]
[PlyCount "57"]
[EventDate "2018.01.09"]
[EventType "tourn"]
[EventRounds "9"]
[EventCountry "KUW"]
[SourceTitle "EXT 2019"]
[Source "ChessBase"]
[SourceDate "2018.10.10"]
[SourceVersion "1"]
[SourceVersionDate "2018.10.10"]
[SourceQuality "1"]

1. e4 e5 2. Nf3 Nc6 3. Bc4 Bc5 4. 0-0 Nf6 5. d3 d6 6. c3 a6 7. Bb3 Bg4 8. Qe2 h6 9. Nbd2 0-0 10. Re1 Ne7 11. Nf1 Ng6 12. h3 Bd7 13. g4 c6 14. Ng3 Nxg4 15. hxg4 Bxg4 16. Nf1 Nh4 17. N1h2 Nxf3+ 18. Nxf3 Kh8 19. Bd1 f5 20. exf5 Rxf5 21. Qe4 h5 22. d4 Ba7 23. Nxe5 Qf6 24. Nxg4 hxg4 25. Bxg4 Rxf2 26. Qh1+ Kg8 27. Be6+ Kf8 28. Qh8+ Ke7 29. Bc8+ 1-0

[Event "KUW-ch First Stage"]
[Site "Kuwait"]
[Date "2017.12.15"]
[Round "6.8"]
[White "Alotaibi, Khaled"]
[Black "Alruwayeh, Talal"]
[Result "1/2-1/2"]
[WhiteElo "1373"]
[BlackElo "1542"]
[PlyCount "71"]
[EventDate "2017.12.09"]
[EventType "swiss"]
[EventRounds "9"]
[EventCountry "KUW"]
[SourceTitle "EXT 2024"]
[Source "ChessBase"]
[SourceDate "2023.10.10"]
[SourceVersion "1"]
[SourceVersionDate "2023.10.10"]
[SourceQuality "1"]

1. d4 d5 2. c4 c6 3. Nf3 Nf6 4. Nc3 e6 5. cxd5 cxd5 6. Bg5 Be7 7. e3 a6 8. Bd3 h6 9. Bh4 Nc6 10. 0-0 Bd7 11. h3 Nb4 12. Bb1 Nc6 13. a3 Rc8 14. Ne5 Nxe5 15. dxe5 Nh7 16. Bxe7 Qxe7 17. Bxh7 Rxh7 18. Qd3 g6 19. Rfd1 f5 20. exf6 Qxf6 21. e4 d4 22. Qxd4 Qg5 23. e5 Qe7 24. Ne4 Rc7 25. Qd6 Kd8 26. Rac1 Qxd6 27. Nxd6 Rxc1 28. Rxc1 Bc6 29. Rd1 Ke7 30. Nc8+ Ke8 31. Nd6+ Ke7 32. Nc8+ Ke8 33. Nd6+ Kf8 34. Rd4 Rc7 35. Rc4 Rd7 36. Rf4+ 1/2-1/2

[Event "KUW Challenge Cup 2nd"]
[Site "Kuwait"]
[Date "2017.09.21"]
[Round "5.2"]
[White "Alotaibi, Khaled"]
[Black "Alsharhan, Musaed"]
[Result "0-1"]
[WhiteElo "1385"]
[BlackElo "1705"]
[PlyCount "50"]
[EventDate "2017.09.17"]
[EventType "team-swiss"]
[EventRounds "9"]
[EventCountry "KUW"]
[SourceTitle "EXT 2019"]
[Source "ChessBase"]
[SourceDate "2018.10.10"]
[SourceVersion "1"]
[SourceVersionDate "2018.10.10"]
[SourceQuality "1"]

1. d4 d5 2. c4 e6 3. Nc3 c6 4. cxd5 exd5 5. Nf3 Nf6 6. Bg5 Nbd7 7. e3 Bb4 8. a3 Bxc3+ 9. bxc3 Qa5 10. Qb3 Ne4 11. Rc1 Nxg5 12. Nxg5 h6 13. Nf3 0-0 14. Bd3 Nf6 15. 0-0 Bd7 16. Ne5 Qc7 17. f3 Be6 18. Bb1 g6 19. g4 Qe7 20. h3 Rab8 21. Bd3 Nd7 22. Nxd7 Bxd7 23. e4 dxe4 24. Bxe4 Kg7 25. a4 Rfd8 0-1